Catálogo

PROBABILIDAD Y ESTADISTICA I (Registro nro. 56278)

Detalles MARC
000 -LEADER
fixed length control field 00977nam a2200205 a 4500
001 - CONTROL NUMBER
control field 56278
005 - DATE AND TIME OF LATEST TRANSACTION
control field 20180714051948.0
008 - FIXED-LENGTH DATA ELEMENTS--GENERAL INFORMATION
fixed length control field 140415s2009 mx 000 0 spa d
020 ## - INTERNATIONAL STANDARD BOOK NUMBER
International Standard Book Number 9786074380125
041 ## - LANGUAGE CODE
Language code of text/sound track or separate title spa
082 ## - DEWEY DECIMAL CLASSIFICATION NUMBER
Classification number 519.2
Item number SAN
100 1# - MAIN ENTRY--PERSONAL NAME
Personal name SANCHEZ SANCHEZ, ERNESTO ALONSO
245 10 - TITLE STATEMENT
Title PROBABILIDAD Y ESTADISTICA I
250 ## - EDITION STATEMENT
Edition statement 1a ed.
260 ## - PUBLICATION, DISTRIBUTION, ETC.
Place of publication, distribution, etc. MEXICO :
Name of publisher, distributor, etc. GRUPO EDITORIAL PATRIA,
Date of publication, distribution, etc. 2009
300 ## - PHYSICAL DESCRIPTION
Extent 229
Dimensions 19 x 1 x 24.9
520 ## - SUMMARY, ETC.
Summary, etc. PROPABILIDAD Y ESTADISTICA I ESTA TOTALMENTE APEGADO TANTO EN FORMA COMO EN CONTENIDO, AL PROGRAMA ACTUALIZADO MEDIANTE LA REFORMA CURRICULAR DEL BACHILLERATO GENERAL. ESTE LIBRO SE DESARROLLA CON UN ATRACTIVO DISEÑO ENRIQUECIDO CON LAS SIGUIENTES SECCIONES: EL CONTACTO CON TUS CONOCIMIENTOS: ESTABLECE UN PUENTE ENTRE LOS CONOCIMIENTOS QUE POSEE AL ALUMNO Y LOS QUE VA A ADQUIRIR.
650 14 - SUBJECT ADDED ENTRY--TOPICAL TERM
Topical term or geographic name entry element ESTADISTICA
General subdivision PROBABILIDADES
700 1# - ADDED ENTRY--PERSONAL NAME
Personal name INZUNSA CAZARES, SANTIAGO -AVILA ANTUNA, ROBERTO
Relator term coaut.
Existencias
Withdrawn status Lost status Source of classification or shelving scheme Damaged status Not for loan Collection code Home library Current library Shelving location Date acquired Source of acquisition Inventory number Total Checkouts Total Renewals Full call number Barcode Date last seen Date last checked out Price effective from Koha item type
    Dewey Decimal Classification     General Biblioteca Karol Wojtyla Biblioteca Karol Wojtyla Sala general 03/12/2013 Compra 151000000000000000039660 4 2 519.2 SAN 84870 05/01/2026 28/01/2020 03/12/2013 Libro